[Event "10th Varna it"]
[Site "Golden Sands BUL"]
[Date "1971.09.??"]
[Round "12"]
[White "Popov, Luben"]
[Black "Gheorghiu, Florin"]
[Result "0-1"]
[WhiteElo "2460"]
[BlackElo "2530"]
[EventDate "1971.09.02"]
[PlyCount "82"]

1.d4 g6 2.c4 Bg7 3.Nc3 d6 4.e4 e5 5.Be3 exd4 6.Bxd4 Nf6 7.f3 Nc6 8.Be3 O-O
9.Nge2 Ne5 10.Nf4 c6 11.Be2 g5 12.Nh3 Bxh3 13.gxh3 Nh5 14.Qd2 Nf4 15.O-O-O
Neg6 16.h4 Nxh4 17.Bxf4 gxf4 18.Qxf4 Ng6 19.Qe3 Be5 20.Kb1 Qf6 21.Qd2 Kh8 
22.Rdf1 Rg8 23.Nd1 Nf4 24.Ne3 h5 25.Rd1 Rg6 26.Bf1 Rag8 27.a3 Rg1 28.Rxg1 
Rxg1 29.Qf2 Rh1 30.Nf5 Nh3 31.Qc2 Rxh2 32.Rd2 Rh1 33.Rd1 Rh2 34.Rd2 Rxd2 
35.Qxd2 Qg5 36.Ne3 Qg1 37.Ka2 Nf4 38.Bd3 h4 39.Ng4 Qd4 40.Qh2 Qxb2+ 41.
Qxb2 Bxb2 0-1

[Event "10th Varna it"]
[Site "Golden Sands BUL"]
[Date "1971.09.??"]
[Round "12"]
[White "Smejkal, Jan"]
[Black "Peev, Peicho"]
[Result "1-0"]
[WhiteElo "2515"]
[BlackElo "2400"]
[EventDate "1971.09.02"]
[PlyCount "77"]

1.c4 e5 2.Nc3 Nc6 3.g3 d6 4.Bg2 Be6 5.d3 Qd7 6.Rb1 g6 7.b4 Bg7 8.b5 Nd8 9.
e3 Ne7 10.Nd5 Nc8 11.e4 c6 12.bxc6 bxc6 13.Ne3 O-O 14.Ne2 Bh3 15.O-O Bxg2 
16.Kxg2 Ne6 17.f4 exf4 18.gxf4 f5 19.exf5 gxf5 20.Kh1 Ne7 21.Ng3 Nd4 22.
Bb2 c5 23.Qd2 Qc6+ 24.Qg2 Qxg2+ 25.Kxg2 Rae8 26.Rfe1 Ng6 27.Nd5 Nh4+ 28.
Kh3 Nhf3 29.Rxe8 Rxe8 30.Bxd4 Bxd4 31.Nxf5 Re2 32.Rb7 Rxa2 33.Nh6+ Kf8 34.
Rf7+ Ke8 35.Nc7+ Kd8 36.Ne6+ Kc8 37.Nf5 Ra6 38.Rc7+ Kb8 39.Ne7 1-0

[Event "10th Varna it"]
[Site "Golden Sands BUL"]
[Date "1971.09.??"]
[Round "12"]
[White "Spasov, Luben"]
[Black "Padevsky, Nikola"]
[Result "1/2-1/2"]
[WhiteElo "2420"]
[BlackElo "2460"]
[EventDate "1971.09.02"]
[PlyCount "27"]

1. d4 Nf6 2. c4 e6 3. Nf3 d5 4. Nc3 c5 5. e3 a6 6. a3 dxc4 7. Bxc4 b5 8. Ba2
Bb7 9. O-O cxd4 10. exd4 Be7 11. Bg5 O-O 12. Qd3 Nbd7 13. Rad1 Rc8 14. Rfe1
1/2-1/2

[Event "10th Varna it"]
[Site "Golden Sands BUL"]
[Date "1971.09.??"]
[Round "12"]
[White "Vasiukov, Evgeny"]
[Black "Kolarov, Atanas"]
[Result "1-0"]
[WhiteElo "2570"]
[BlackElo "2435"]
[EventDate "1971.09.02"]
[PlyCount "77"]

1.e4 e5 2.Nf3 Nc6 3.Bb5 a6 4.Ba4 Nf6 5.O-O Be7 6.Re1 b5 7.Bb3 O-O 8.c3 d6 
9.h3 h6 10.d4 Re8 11.Be3 Bf8 12.Nbd2 Bd7 13.Qb1 Na5 14.Bc2 Nb7 15.b4 a5 
16.a3 Nh5 17.Bd3 Qf6 18.Qd1 Nf4 19.Bxf4 Qxf4 20.d5 Reb8 21.Qe2 Nd8 22.Nb3 
a4 23.Na5 h5 24.Rac1 g6 25.c4 c6 26.dxc6 Nxc6 27.Nxc6 Bxc6 28.cxb5 Be8 29.
Rc7 Bh6 30.Rd1 Qf6 31.Bc4 Rb6 32.Qd3 Qd8 33.Rc6 Bf8 34.Nxe5 Bxc6 35.Nxf7 
Qf6 36.bxc6 Kg7 37.Qd5 Re8 38.c7 Qe7 39.Qd4+ 1-0

[Event "10th Varna it"]
[Site "Golden Sands BUL"]
[Date "1971.09.??"]
[Round "13"]
[White "Gheorghiu, Florin"]
[Black "Basman, Michael John"]
[Result "1-0"]
[WhiteElo "2530"]
[BlackElo "2410"]
[EventDate "1971.09.02"]
[PlyCount "75"]

1.c4 e6 2.g3 d5 3.Bg2 g6 4.Nf3 Bg7 5.O-O Nc6 6.Na3 Nge7 7.Rb1 a5 8.b3 O-O 
9.Bb2 e5 10.d3 Re8 11.Nc2 h6 12.e3 dxc4 13.bxc4 Bf5 14.e4 Bg4 15.Bc3 b6 
16.h3 Bxf3 17.Qxf3 Qd6 18.h4 Nd8 19.d4 Qc6 20.Qe2 f6 21.d5 Qd6 22.h5 f5 
23.hxg6 Nb7 24.Ne3 fxe4 25.Bxe4 Nc5 26.Qg4 Rad8 27.Bf5 Kh8 28.Kg2 Rf8 29.
Rh1 Rf6 30.f4 Nxg6 31.Bxg6 Rxg6 32.fxe5 Rxg4 33.exd6 Rxg3+ 34.Kxg3 Ne4+ 
35.Kf4 Nxc3 36.dxc7 Rf8+ 37.Nf5 b5 38.Rxb5 1-0

[Event "10th Varna it"]
[Site "Golden Sands BUL"]
[Date "1971.09.??"]
[Round "13"]
[White "Kirov, Nino"]
[Black "Spasov, Luben"]
[Result "1/2-1/2"]
[WhiteElo "2450"]
[BlackElo "2420"]
[EventDate "1971.09.02"]
[PlyCount "91"]

1. e4 c5 2. Nf3 Nc6 3. d4 cxd4 4. Nxd4 Nf6 5. Nc3 d6 6. Bc4 Qb6 7. Nxc6 bxc6 8.
O-O g6 9. Be3 Qc7 10. Qd2 Bg7 11. Bh6 O-O 12. Bxg7 Kxg7 13. Rad1 a5 14. Rfe1 a4
15. b4 axb3 16. cxb3 Nd7 17. Re3 Ne5 18. Be2 f6 19. h3 g5 20. b4 Be6 21. a4
Rfb8 22. b5 cxb5 23. Bxb5 Nc4 24. Bxc4 Qxc4 25. Nd5 Ra7 26. Ra1 Rxa4 27. Rxa4
Qxa4 28. Nxe7 Qa1+ 29. Re1 Rb1 30. Rxb1 Qxb1+ 31. Kh2 Qxe4 32. Qxd6 Qe5+ 33.
Qxe5 fxe5 34. Nc6 Kf6 35. Nb4 h5 36. f3 Kf5 37. Kg1 e4 38. Kf2 exf3 39. Kxf3
Bc4 40. Nc2 Bd5+ 41. Kf2 Kf4 42. Ne3 Be6 43. Nf1 h4 44. Nd2 g4 45. hxg4 Bxg4
46. Nf3 1/2-1/2

[Event "10th Varna it"]
[Site "Golden Sands BUL"]
[Date "1971.09.??"]
[Round "13"]
[White "Kolarov, Atanas"]
[Black "Damjanovic, Mato"]
[Result "1/2-1/2"]
[WhiteElo "2435"]
[BlackElo "2490"]
[EventDate "1971.09.02"]
[PlyCount "25"]

1. d4 Nf6 2. Nf3 e6 3. e3 c5 4. Bd3 d5 5. c3 Be7 6. dxc5 Bxc5 7. Nbd2 O-O 8.
O-O Nbd7 9. e4 dxe4 10. Nxe4 Nxe4 11. Bxe4 Nf6 12. Qxd8 Rxd8 13. Bg5 1/2-1/2

[Event "10th Varna it"]
[Site "Golden Sands BUL"]
[Date "1971.09.??"]
[Round "13"]
[White "Minev, Nikolai"]
[Black "Popov, Luben"]
[Result "1/2-1/2"]
[WhiteElo "2455"]
[BlackElo "2460"]
[EventDate "1971.09.02"]
[PlyCount "39"]

1. e4 g6 2. d4 Bg7 3. c3 d6 4. f4 Nf6 5. e5 Nfd7 6. Nf3 Nb6 7. Be2 O-O 8. O-O
f6 9. exf6 exf6 10. Re1 Nc6 11. Nbd2 Re8 12. Nf1 Ne7 13. Bd2 d5 14. Ng3 Nf5 15.
Bd3 Nxg3 16. hxg3 Bg4 17. Qc2 Qd7 18. Rxe8+ Rxe8 19. Re1 Rxe1+ 20. Bxe1 1/2-1/2

[Event "10th Varna it"]
[Site "Golden Sands BUL"]
[Date "1971.09.??"]
[Round "13"]
[White "Padevsky, Nikola"]
[Black "Nikolic, Stanimir"]
[Result "0-1"]
[WhiteElo "2460"]
[BlackElo "2360"]
[EventDate "1971.09.02"]
[PlyCount "64"]

1.c4 g6 2.d4 Bg7 3.Nc3 Nf6 4.e4 d6 5.f4 O-O 6.Nf3 c6 7.Bd3 Nbd7 8.e5 Ne8 
9.Qc2 c5 10.d5 e6 11.dxe6 fxe6 12.h4 dxe5 13.h5 exf4 14.hxg6 e5 15.gxh7+ 
Kh8 16.Nh4 Rf6 17.Ng6+ Rxg6 18.Bxg6 Nd6 19.Qd3 Nb6 20.Ne4 Nbxc4 21.b3 Bg4 
22.bxc4 Nxe4 23.Bxe4 Qxd3 24.Bxd3 e4 25.Rb1 exd3 26.Rxb7 Bc3+ 27.Kf1 d2 
28.Bxd2 Bxd2 29.Rh6 Re8 30.Rd6 Bc3 31.Rxa7 Be2+ 32.Kg1 Bd4+ 0-1

[Event "10th Varna it"]
[Site "Golden Sands BUL"]
[Date "1971.09.??"]
[Round "13"]
[White "Peev, Peicho"]
[Black "Vasiukov, Evgeny"]
[Result "1/2-1/2"]
[WhiteElo "2400"]
[BlackElo "2570"]
[EventDate "1971.09.02"]
[PlyCount "103"]

1.d4 d6 2.c4 e5 3.d5 e4 4.Nc3 Nf6 5.g3 Bf5 6.Bg2 h6 7.f3 Nbd7 8.fxe4 Bh7 
9.Nh3 g5 10.Nf2 Bg7 11.Be3 Qe7 12.Bd4 O-O 13.O-O c5 14.dxc6 bxc6 15.Qa4 
Rfc8 16.Rad1 Ne5 17.Bh3 Rc7 18.Bf5 Bg6 19.Nd3 Nfd7 20.Nxe5 Nxe5 21.b3 a5 
22.Qa3 Rb7 23.Qc1 Rb4 24.Kh1 Re8 25.Qd2 Qb7 26.Bg1 a4 27.Bxg6 fxg6 28.Nxa4
Nxc4 29.bxc4 Rxa4 30.Qxd6 Rxc4 31.Bd4 Kh7 32.Bxg7 Qxg7 33.Rf6 Rcxe4 34.
Rdf1 R8e7 35.Qxc6 Rxe2 36.a4 Qg8 37.Qf3 h5 38.Rf7+ Rxf7 39.Qxf7+ Qxf7 40.
Rxf7+ Kh6 41.Ra7 h4 42.gxh4 gxh4 43.h3 Kg5 44.Rb7 Re4 45.a5 Ra4 46.Rb5+ 
Kf4 47.Kg2 g5 48.Rc5 Ra2+ 49.Kg1 Ra3 50.Kg2 Rg3+ 51.Kh2 Rb3 52.Kg2 1/2-1/2

[Event "10th Varna it"]
[Site "Golden Sands BUL"]
[Date "1971.09.??"]
[Round "13"]
[White "Radulov, Ivan"]
[Black "Smejkal, Jan"]
[Result "1/2-1/2"]
[WhiteElo "2485"]
[BlackElo "2515"]
[EventDate "1971.09.02"]
[PlyCount "90"]

1. e4 e5 2. Nf3 Nc6 3. Nc3 g6 4. d4 exd4 5. Nxd4 Bg7 6. Be3 Nf6 7. f3 O-O 8.
Qd2 d5 9. Nxc6 bxc6 10. O-O-O Be6 11. Bh6 Bxh6 12. Qxh6 Rb8 13. Qg5 Nh5 14.
Qxd8 Rfxd8 15. Bd3 Nf6 16. b3 Kf8 17. Rhe1 Nd7 18. Na4 Re8 19. c4 Red8 20. exd5
cxd5 21. cxd5 Bxd5 22. Be4 Bxe4 23. Rxe4 Nb6 24. Nc3 Rxd1+ 25. Kxd1 Rd8+ 26.
Kc2 c6 27. Re5 Rc8 28. b4 Nd7 29. Ra5 Rc7 30. Kd3 Ke7 31. Kd4 Nf8 32. Ne4 Ne6+
33. Kc4 Nf4 34. Re5+ Ne6 35. Nc5 Kd6 36. Re4 Re7 37. Nxe6 Rxe6 38. Rxe6+ Kxe6
39. Kc5 Kd7 40. g4 h6 41. f4 Kc7 42. h4 Kd7 43. b5 cxb5 44. Kxb5 Ke6 45. Ka6 f5
1/2-1/2

[Event "10th Varna it"]
[Site "Golden Sands BUL"]
[Date "1971.09.??"]
[Round "13"]
[White "Szilagyi, Gyorgy"]
[Black "Bobotsov, Milko"]
[Result "1/2-1/2"]
[WhiteElo "2370"]
[BlackElo "2485"]
[EventDate "1971.09.02"]
[PlyCount "30"]

1. d4 Nf6 2. c4 e6 3. Nf3 b6 4. g3 Ba6 5. Qa4 c5 6. Bg2 Bb7 7. O-O cxd4 8. Nxd4
Bxg2 9. Kxg2 Bc5 10. Rd1 Qc8 11. Nc3 Qb7+ 12. f3 O-O 13. e4 Rc8 14. Bg5 Ne8 15.
Be3 a6 1/2-1/2

[Event "10th Varna it"]
[Site "Golden Sands BUL"]
[Date "1971.09.??"]
[Round "14"]
[White "Basman, Michael John"]
[Black "Minev, Nikolai"]
[Result "0-1"]
[WhiteElo "2410"]
[BlackElo "2455"]
[EventDate "1971.09.02"]
[PlyCount "78"]

1. d4 Nf6 2. g3 d5 3. Bg2 c6 4. Nf3 Bf5 5. O-O h6 6. a3 e6 7. Bd2 a5 8. Bf4 Be7
9. Nbd2 O-O 10. c4 Nbd7 11. Qb3 Qb6 12. Qxb6 Nxb6 13. Rfc1 a4 14. h4 Ne4 15.
Nxe4 Bxe4 16. cxd5 exd5 17. Bd2 Rfe8 18. Bf1 Nc4 19. Bc3 Bxf3 20. exf3 Na5 21.
Bxa5 Rxa5 22. Re1 Kf8 23. Rad1 Bf6 24. Rxe8+ Kxe8 25. Rd2 Ke7 26. Kg2 Kd6 27.
Be2 b6 28. Bd1 Ra7 29. f4 c5 30. dxc5+ bxc5 31. b3 Bc3 32. Rc2 d4 33. bxa4 c4
34. Kf3 Rb7 35. Rc1 Kc5 36. f5 Bb2 37. Rb1 d3 38. Ke4 Re7+ 39. Kf3 c3 0-1

[Event "10th Varna it"]
[Site "Golden Sands BUL"]
[Date "1971.09.??"]
[Round "14"]
[White "Bobotsov, Milko"]
[Black "Popov, Luben"]
[Result "1/2-1/2"]
[WhiteElo "2485"]
[BlackElo "2460"]
[EventDate "1971.09.02"]
[PlyCount "42"]

1. d4 g6 2. e4 Bg7 3. c4 d6 4. Nc3 e5 5. Nge2 Nd7 6. Be3 Nh6 7. f3 f5 8. Qd2
Nf7 9. d5 O-O 10. h3 f4 11. Bf2 c5 12. Nc1 Nf6 13. Bd3 Nh5 14. N1e2 Bd7 15. a3
a6 16. b4 b6 17. Rb1 Qg5 18. Rg1 Rab8 19. b5 a5 20. Kd1 Bf6 21. Kc2 Bd8 1/2-1/2

[Event "10th Varna it"]
[Site "Golden Sands BUL"]
[Date "1971.09.??"]
[Round "14"]
[White "Damjanovic, Mato"]
[Black "Peev, Peicho"]
[Result "1/2-1/2"]
[WhiteElo "2490"]
[BlackElo "2400"]
[EventDate "1971.09.02"]
[PlyCount "27"]

1. e4 e6 2. d4 d5 3. Nd2 c5 4. exd5 exd5 5. Ngf3 a6 6. dxc5 Bxc5 7. Nb3 Ba7 8.
Be2 Nf6 9. O-O O-O 10. Nfd4 Nc6 11. Nxc6 bxc6 12. Be3 Bxe3 13. fxe3 Qe7 14. Qd4
1/2-1/2

[Event "10th Varna it"]
[Site "Golden Sands BUL"]
[Date "1971.09.??"]
[Round "14"]
[White "Nikolic, Stanimir"]
[Black "Kirov, Nino"]
[Result "1/2-1/2"]
[WhiteElo "2360"]
[BlackElo "2450"]
[EventDate "1971.09.02"]
[PlyCount "176"]

1. e4 c5 2. Nf3 Nf6 3. e5 Nd5 4. d4 cxd4 5. Qxd4 e6 6. Bc4 Nc6 7. Qd1 d6 8.
Bxd5 exd5 9. Qxd5 dxe5 10. Qxd8+ Kxd8 11. Nc3 Bb4 12. Bd2 f6 13. O-O-O Bxc3 14.
Bxc3+ Ke7 15. Nd2 Be6 16. Ne4 Rhd8 17. Nc5 b6 18. Nxe6 Kxe6 19. Rhe1 Kf7 20.
Re4 Ne7 21. Rde1 Nd5 22. Bd2 Rac8 23. a3 Rd7 24. R1e2 Rdc7 25. Be1 Rc4 26. Rxc4
Rxc4 27. b3 Rc6 28. Kb2 b5 29. Re4 Ke6 30. a4 a6 31. Bd2 h5 32. axb5 axb5 33.
g3 g5 34. c4 bxc4 35. Rxc4 Rb6 36. h4 Kf5 37. b4 e4 38. Kb3 gxh4 39. gxh4 Rb8
40. Rc5 Ke6 41. b5 f5 42. Bg5 Ra8 43. Rc6+ Ke5 44. Bc1 Ra5 45. Bb2+ Kf4 46. Kc4
e3 47. Bc1 Kf3 48. fxe3 Ne7 49. Re6 Nc8 50. Bb2 Ra4+ 51. Kc5 Rxh4 52. Bd4 Rh1
53. Re8 h4 54. Kd5 Rb1 55. Rxc8 Rxb5+ 56. Ke6 h3 57. Rh8 f4 58. exf4 Kxf4 59.
Rxh3 Ke4 60. Rh4+ Kd3 61. Be5 Rb1 62. Ra4 Rb7 63. Bd6 Rb5 64. Be5 Rb7 65. Kf5
Rf7+ 66. Bf6 Rf8 67. Rd4+ Ke3 68. Rc4 Kd3 69. Rc3+ Kd2 70. Rb3 Kc2 71. Rf3 Rc8
72. Kf4 Rg8 73. Ke4 Rg4+ 74. Kd5 Rg8 75. Bd4 Ra8 76. Ke4 Re8+ 77. Be5 Rd8 78.
Rc3+ Kd2 79. Rb3 Ke2 80. Rb7 Rd2 81. Bf4 Rc2 82. Be3 Rc4+ 83. Bd4 Rc2 84. Ra7
Kd2 85. Ra3 Ke2 86. Bc3 Kf1 87. Bd4 Ke2 88. Rh3 Kd2 1/2-1/2

[Event "10th Varna it"]
[Site "Golden Sands BUL"]
[Date "1971.09.??"]
[Round "14"]
[White "Smejkal, Jan"]
[Black "Gheorghiu, Florin"]
[Result "1-0"]
[WhiteElo "2515"]
[BlackElo "2530"]
[EventDate "1971.09.02"]
[PlyCount "79"]

1.d4 g6 2.c4 Bg7 3.Nf3 Nf6 4.g3 O-O 5.Bg2 d5 6.cxd5 Nxd5 7.O-O Nb6 8.Nc3 
Nc6 9.e3 Re8 10.Ne1 e5 11.d5 Na5 12.Nc2 Bd7 13.b3 c6 14.e4 cxd5 15.exd5 
Rc8 16.Bd2 Bf5 17.Rc1 Nd7 18.Qe2 Bxc2 19.Rxc2 e4 20.Rfc1 b6 21.b4 Nb7 22.
Nxe4 Rxc2 23.Rxc2 Nd6 24.Qa6 Nxe4 25.Bxe4 Nf6 26.Bf3 Nxd5 27.Qxa7 Bd4 28.
Kg2 Qd6 29.a3 Kg7 30.Qb7 Nf6 31.Bf4 Qe6 32.Rd2 Be5 33.Re2 Qd6 34.Bxe5 Rxe5
35.Rxe5 Qxe5 36.Qxb6 h5 37.h4 Ng4 38.a4 Qc3 39.a5 Ne5 40.Bb7 1-0

[Event "10th Varna it"]
[Site "Golden Sands BUL"]
[Date "1971.09.??"]
[Round "14"]
[White "Spasov, Luben"]
[Black "Kolarov, Atanas"]
[Result "1/2-1/2"]
[WhiteElo "2420"]
[BlackElo "2435"]
[EventDate "1971.09.02"]
[PlyCount "35"]

1. d4 Nf6 2. c4 e6 3. Nf3 b6 4. g3 Bb7 5. Bg2 Be7 6. O-O O-O 7. Nc3 Ne4 8. Qc2
Nxc3 9. Qxc3 d6 10. b3 Nd7 11. Bb2 Nf6 12. Ne1 Bxg2 13. Nxg2 c6 14. Rac1 d5 15.
cxd5 cxd5 16. Qd3 Qd7 17. Rc2 Rfc8 18. Rfc1 1/2-1/2

[Event "10th Varna it"]
[Site "Golden Sands BUL"]
[Date "1971.09.??"]
[Round "14"]
[White "Szilagyi, Gyorgy"]
[Black "Padevsky, Nikola"]
[Result "1/2-1/2"]
[WhiteElo "2370"]
[BlackElo "2460"]
[EventDate "1971.09.02"]
[PlyCount "53"]

1. c4 g6 2. g3 Bg7 3. Bg2 e5 4. Nc3 Nc6 5. d3 Nge7 6. Nf3 Nf5 7. Bg5 f6 8. Bd2
d6 9. Rb1 Be6 10. b4 Qd7 11. b5 Nd8 12. e4 Ne7 13. Nd5 O-O 14. O-O c6 15. Nxe7+
Qxe7 16. bxc6 bxc6 17. Qa4 c5 18. Ne1 Qd7 19. Qxd7 Bxd7 20. Nc2 Nc6 21. Rb7 Rf7
22. Rfb1 Bc8 23. Rxf7 Kxf7 24. Bf3 Rb8 25. Rxb8 Nxb8 26. Ne3 Nc6 27. Nd5
1/2-1/2

[Event "10th Varna it"]
[Site "Golden Sands BUL"]
[Date "1971.09.??"]
[Round "14"]
[White "Vasiukov, Evgeny"]
[Black "Radulov, Ivan"]
[Result "0-1"]
[WhiteElo "2570"]
[BlackElo "2485"]
[EventDate "1971.09.02"]
[PlyCount "68"]

1.e4 c5 2.Nf3 Nc6 3.Bb5 g6 4.O-O Bg7 5.Re1 e5 6.c3 Nge7 7.d4 cxd4 8.cxd4 
exd4 9.Bf4 a6 10.Bc4 d6 11.Ng5 O-O 12.Qb3 d5 13.exd5 Na5 14.d6 Nd5 15.Qf3 
Nxf4 16.Bxf7+ Rxf7 17.Nxf7 Qf6 18.Nd2 Qxf7 19.Re7 Nh3+ 20.gxh3 Qxf3 21.
Nxf3 Bf5 22.Rae1 Bf8 23.b4 Nc4 24.Rxb7 Nxd6 25.Rb6 d3 26.Rc6 a5 27.a3 axb4
28.axb4 Rb8 29.Nd4 Be4 30.Rc5 Rxb4 31.Ne6 d2 32.Rf1 Rc4 33.Rd1 Bf3 34.Rxd2
Re4 0-1

[Event "10th Varna it"]
[Site "Golden Sands BUL"]
[Date "1971.09.??"]
[Round "15"]
[White "Gheorghiu, Florin"]
[Black "Vasiukov, Evgeny"]
[Result "1/2-1/2"]
[WhiteElo "2530"]
[BlackElo "2570"]
[EventDate "1971.09.02"]
[PlyCount "50"]

1. d4 d5 2. Nf3 Nf6 3. c4 c6 4. cxd5 cxd5 5. Nc3 Nc6 6. Bf4 e6 7. e3 Bd6 8.
Bxd6 Qxd6 9. Bb5 O-O 10. O-O Bd7 11. Bxc6 Bxc6 12. Ne5 Rfc8 13. Rc1 Nd7 14.
Nxd7 Qxd7 15. Qd2 h6 16. Rc2 Rc7 17. Rfc1 Rac8 18. Ne2 Bb5 19. Nf4 Rxc2 20.
Rxc2 Rxc2 21. Qxc2 Qc6 22. Qxc6 Bxc6 23. Kf1 Kf8 24. Ke2 Ke7 25. Kd2 b6 1/2-1/2

[Event "10th Varna it"]
[Site "Golden Sands BUL"]
[Date "1971.09.??"]
[Round "15"]
[White "Kolarov, Atanas"]
[Black "Nikolic, Stanimir"]
[Result "0-1"]
[WhiteElo "2435"]
[BlackElo "2360"]
[EventDate "1971.09.02"]
[PlyCount "86"]

1. Nf3 f5 2. g3 Nf6 3. Bg2 d6 4. d4 e6 5. O-O Be7 6. b3 O-O 7. Bb2 Qe8 8. Ne1
Nbd7 9. Nd3 Ne4 10. f3 Ng5 11. e3 Bf6 12. Nd2 d5 13. c4 c6 14. Qe2 Nf7 15. e4
dxc4 16. bxc4 b5 17. cxb5 cxb5 18. e5 Bd8 19. f4 Rb8 20. Nb3 Nb6 21. Ba3 Be7
22. Bc5 Bb7 23. Nb4 Na4 24. Rac1 Nxc5 25. dxc5 Bxg2 26. Kxg2 Rc8 27. a3 a5 28.
Nxa5 Bxc5 29. Qf3 g5 30. Nb3 Be7 31. Rxc8 Qxc8 32. Rc1 Qa8 33. Nd4 Qa4 34. Nxe6
Bxb4 35. axb4 Qa2+ 36. Kg1 Qxe6 37. Rc6 Qa2 38. e6 Nh8 39. fxg5 Ng6 40. Rc1
Qxe6 41. h4 Ne5 42. Qe2 f4 43. Rc5 f3 0-1

[Event "10th Varna it"]
[Site "Golden Sands BUL"]
[Date "1971.09.??"]
[Round "15"]
[White "Minev, Nikolai"]
[Black "Smejkal, Jan"]
[Result "1/2-1/2"]
[WhiteElo "2455"]
[BlackElo "2515"]
[EventDate "1971.09.02"]
[PlyCount "26"]

1. Nf3 Nf6 2. g3 g6 3. Bg2 Bg7 4. O-O O-O 5. c4 c6 6. d4 d5 7. cxd5 cxd5 8. Ne5
e6 9. Nc3 Nfd7 10. Nxd7 Bxd7 11. b3 Nc6 12. e3 Qe7 13. Bb2 Rfc8 1/2-1/2

[Event "10th Varna it"]
[Site "Golden Sands BUL"]
[Date "1971.09.??"]
[Round "15"]
[White "Padevsky, Nikola"]
[Black "Bobotsov, Milko"]
[Result "1/2-1/2"]
[WhiteElo "2460"]
[BlackElo "2485"]
[EventDate "1971.09.02"]
[PlyCount "26"]

1. e4 c5 2. Nf3 Nc6 3. d4 cxd4 4. Nxd4 e6 5. Nc3 a6 6. Nxc6 bxc6 7. Bd3 d5 8.
O-O Nf6 9. Qe2 Be7 10. f4 O-O 11. Kh1 a5 12. b3 Bb4 13. Bb2 Bxc3 1/2-1/2

[Event "10th Varna it"]
[Site "Golden Sands BUL"]
[Date "1971.09.??"]
[Round "15"]
[White "Peev, Peicho"]
[Black "Spasov, Luben"]
[Result "1/2-1/2"]
[WhiteElo "2400"]
[BlackElo "2420"]
[EventDate "1971.09.02"]
[PlyCount "37"]

1.d4 Nf6 2.Bg5 Ne4 3.Bh4 d5 4.f3 Nf6 5.Nc3 e6 6.e4 Be7 7.e5 Nfd7 8.Bxe7 
Qxe7 9.f4 a6 10.Qd2 c5 11.Nce2 Nc6 12.c3 O-O 13.Nf3 f6 14.g3 fxe5 15.dxe5 
b5 16.Bh3 Nb6 17.O-O Bd7 18.b3 h6 19.Rae1 1/2-1/2

[Event "10th Varna it"]
[Site "Golden Sands BUL"]
[Date "1971.09.??"]
[Round "15"]
[White "Popov, Luben"]
[Black "Basman, Michael John"]
[Result "1-0"]
[WhiteElo "2460"]
[BlackElo "2410"]
[EventDate "1971.09.02"]
[PlyCount "115"]

1. c4 e6 2. g3 d5 3. Bg2 g6 4. Nf3 Bg7 5. O-O Ne7 6. Na3 O-O 7. Rb1 a5 8. b3 c5
9. d3 Bd7 10. Bb2 d4 11. e3 Bc6 12. exd4 cxd4 13. Nc2 e5 14. Re1 Qc7 15. a3 Re8
16. b4 b6 17. Na1 Nd7 18. Nb3 Rac8 19. Bc1 a4 20. Nbd2 b5 21. Bb2 Qb8 22. Rc1
h6 23. Nh4 g5 24. Bxc6 Rxc6 25. Nhf3 f5 26. cxb5 Qxb5 27. Rxc6 Qxc6 28. Nc4 Qd5
29. Qxa4 Kf8 30. Nfd2 Nc8 31. Qa5 Qxa5 32. Nxa5 Ndb6 33. Nac4 Na4 34. Ba1 g4
35. Kf1 Re7 36. Rc1 e4 37. dxe4 fxe4 38. Ne5 Bxe5 39. Rxc8+ Kf7 40. Nxe4 d3 41.
Bxe5 Rxe5 42. Rc4 Nb2 43. Rd4 Rxe4 44. Rxe4 d2 45. Rd4 d1=Q+ 46. Rxd1 Nxd1 47.
Ke2 Nb2 48. f3 gxf3+ 49. Kxf3 Ke6 50. Kg4 Kf6 51. Kh5 Kg7 52. b5 Na4 53. g4 Nb6
54. g5 hxg5 55. Kxg5 Kf7 56. h4 Kg7 57. Kf5 Kf7 58. Ke5 1-0

[Event "10th Varna it"]
[Site "Golden Sands BUL"]
[Date "1971.09.??"]
[Round "15"]
[White "Radulov, Ivan"]
[Black "Damjanovic, Mato"]
[Result "1/2-1/2"]
[WhiteElo "2485"]
[BlackElo "2490"]
[EventDate "1971.09.02"]
[PlyCount "33"]

1. d4 Nf6 2. c4 c5 3. d5 e6 4. Nc3 exd5 5. cxd5 d6 6. e4 g6 7. Nf3 Bg7 8. Be2
O-O 9. O-O Bg4 10. Nd2 Bxe2 11. Qxe2 a6 12. a4 Nbd7 13. Nc4 Nb6 14. a5 Nxc4 15.
Qxc4 Re8 16. Bf4 Qe7 17. Na4 1/2-1/2